Culture Générale - Série 2448 - Statistiques

Statistiques générales
  • Ce quiz a été pris 220 fois
  • Le résultat moyen est 5 sur 10
Statistiques - réponses
Question Réponse % Correct
Quelle est la capitale de l'Inde ? New Delhi
91%
De quel groupe Freddie Mercury était-il le chanteur ? Queen
90%
En quelle année le Général De Gaulle a-t-il démissionné de son poste de Président de la République ? 1969
85%
Dans la mythologie grecque, qui est la mère des Titans ? Gaïa
51%
Même s'ils n'ont aucun lien de parenté, ces 3 célébrités prénommées Alexander, Victor et Ian, portent le même nom de famille Fleming
43%
Quel écrivain a publié ses romans sous le pseudonyme de Vernon Sullivan ? Boris Vian
36%
Dans la mythologie grecque,qui est le père de Cronos ? Ouranos
31%
Quel peintre français a réalisé le tableau "La liseuse" vers1770 ? voir photo Fragonard
9%
Quel fleuve côtier arrose la ville de Perpignan ? têt
8%
Quel animal est un caret ? tortue
6%
Aucun quiz correspondant
Distribution des résultats
% des personnes avec chaque résultat
Percentile par nombre de réponses
Votre historique - résultats
Vous n’avez pas pris ce quiz